One-Consonant Words B-Z Quiz Stats

 Plays Quiz Updated Mar 8, 2012

Challenge
Share
Tweet
Embed
Score 0/21 Timer 04:00
5 Plays Today
Easy Clue Word % Correct
B - Hubba-___ bubble gumBubba OR baobab
97.4%
G - 'Poker Face' singer Lady ___Gaga OR Aggie
95%
C - Hot chocolatey drinkcocoa OR Iacocca
92%
P - Leader of the Catholic ChurchPope OR Papua
86.2%
V - '___ Las Vegas': ElvisViva OR Veuve
85.1%
T - Inked-body arttattoo OR tête-a-tête
84.5%
S - Children's author Dr. ___Seuss OR assesses
83.2%
X - Tree chopping toolaxe OR Aix
80.7%
Y - Children's stringed toy (hyph.)yo-yo OR yaya
73.2%
D - Summed togetheradded OR diiodide
66.8%
K - A crazy personkook OR Keiko
65.3%
Easy Clue Word % Correct
J - Alphabetic board for spirit talkingOuija OR JoJo
62.6%
M - Bullets, for shortammo OR muumuu
60.6%
H - US StateOhio OR hoo-ha
60.3%
N - Orphan of the comicsAnnie OR nonunion
55.9%
W - To excite to enthusiastic approvalwow OR Wawa
54.4%
Q - A line in Londonqueue OR Iquique
52%
R - Disney's Sleeping BeautyAurora OR roarer
50.2%
F - A small flutefife OR feoffee
49.2%
Z - Israeli submachine gunUzi OR Ozzie
48.6%
L - Soothe or cause to restlull OR Louella
48.4%

You're not logged in!

Compare scores with friends on all Sporcle quizzes.
Join for Free
OR
Log In

You Might Also Like...

Show Comments

Extras

Top Quizzes Today


Score Distribution

Your Account Isn't Verified!

In order to create a playlist on Sporcle, you need to verify the email address you used during registration. Go to your Sporcle Settings to finish the process.

Report this User

Report this user for behavior that violates our Community Guidelines.

Details: